00302nam a22001097a 4500003000400000020002200004082001300026100005300039245006100092260003100153300000800184SGT a978-93-85872-29-7 a370bTRI aत्रिपाठी, प्रतिमा  aलिंग, विधालय एवं समाज  aU.P. bAGARWAL PUB. c2019 a389